| 000 | 01376nam a2200325 i 4500 | ||
|---|---|---|---|
| 001 | 172042 | ||
| 003 | ES-MaACL | ||
| 005 | 20250808062823.0 | ||
| 007 | t| | ||
| 008 | 090612s1988 sp |||| | spa d | ||
| 020 | _a84-220-1321-5 | ||
| 100 | 0 |
_aAgustín _cSanto, Obispo de Hipona. _9125563 |
|
| 245 | 1 | 0 |
_aObras completas de San Agustín. _nXXXII, _pEscritos antidonatistas (1º) / _cintroducción general, bibliografía y notas de Pedro Langa ; traducción de Miguel Fuertes Lanero y Santos Santamarta del Río; [han colaborado Emilio San Román y Abilio Rabanal]. |
| 250 | _aEd. bilingüe. | ||
| 260 |
_aMadrid : _bLa Editorial Católica, _c1988. |
||
| 300 |
_aXLIV, 966 p. ; _c20 cm. |
||
| 490 | 1 |
_aBiblioteca de autores cristianos ; _v498 |
|
| 500 | _aÍndices. | ||
| 505 | 8 | _aContiene: Salmo contra la secta de Donato ; Réplica a la carta de Parmeniano ; Tratado sobre el bautismo ; Resumen del debate con los donatistas | |
| 546 | _aTexto latino y traducción en español. | ||
| 650 | 4 |
_aDonatistas. _9168706 |
|
| 700 | 1 |
_aLanga, Pedro. _970007 |
|
| 700 | 1 |
_aFuertes Lanero, Miguel. _9140541 |
|
| 700 | 1 |
_aSantamarta, Santos. _9103321 |
|
| 700 | 0 |
_aSan Román, Emilio. _9140552 |
|
| 700 | 1 |
_aRabanal Alonso, Manuel Abilio. _994835 |
|
| 830 | 0 | 0 |
_aBiblioteca de autores cristianos _v498 _9178679 |
| 852 |
_aES-MaACL _jJ-485 |
||
| 999 |
_c172042 _d172042 |
||